000 01094 a2200301 4500
003 Nust
005 20170207170502.0
010 _a 2005030986
020 _a1932531777 (alk. paper)
020 _a9781932531770
035 _a(OCoLC)ocm62134790
040 _cNust
082 0 0 _a658.404
100 1 _aKemp, Sid.
245 1 0 _aProject management made easy (EBOOK)
_cEntrepreneur Press and Sid Kemp.
246 1 _aEntrepreneur magazine's
260 _a[Irvine, CA] :
_bEntrepreneur Press,
_cc2006.
300 _axiv, 256 p. :
_bill. ;
_c24 cm.
490 1 _aEntrepreneur's made easy series
500 _aIncludes index.
650 0 _aProject management.
650 0 _aSmall business
_xManagement.
710 2 _aEntrepreneur Press.
830 0 _aEntrepreneur made easy series.
856 4 1 _3Contributor biographical information
_uhttp://www.loc.gov/catdir/enhancements/fy0623/2005030986-b.html
856 4 1 _3Publisher description
_uhttp://www.loc.gov/catdir/enhancements/fy0623/2005030986-d.html
856 4 1 _3Table of contents only
_uhttp://www.loc.gov/catdir/toc/ecip062/2005030986.html
942 _2ddc
_cBK
999 _c215101
_d215101